000 00566nam a2200217 a 4500
005 20140310183449.0
008 081223s19uu xx 00 eng d
020 _a978-0-07-128317-5
050 _aHF 5635
_b.M355 2008
100 _aMarshall, David H.
245 _aAccounting :
_bwhat the numbers mean.
250 _a8th ed.
260 _aBSBA.
300 _a739 p. :
_bill. ;
_c27 cm.
521 _aBSA
650 _aAccounting.
650 _aManagerial accounting.
700 _aMcManus, Wayne W.
700 _aViele, Daniel F.
942 _cBK
_2lcc
_kFOR
999 _c23328
_d23328